Normal view
MARC view
- Preumont, André
Entry Personal Name
001 - CONTROL NUMBER
- control field: 83030
003 - CONTROL NUMBER IDENTIFIER
- control field: NUST
005 - DATE AND TIME OF LATEST TRANSACTION
- control field: 20211012112933.0
008 - FIXED-LENGTH DATA ELEMENTS
- fixed length control field: 211012|| aca||aabn | a|a d
040 ## - CATALOGING SOURCE
- Original cataloging agency: NUST
- Transcribing agency: NUST
100 ## - HEADING--PERSONAL NAME
- Personal name: Preumont, André
670 ## - SOURCE DATA FOUND
- Source citation: Work cat.: (NUST)33013: Preumont, André., Vibration control of active structures :, c2011.
